000 04613cam a22005057a 4500
999 _c79417
_d316694
001 8559052
003 OSt
005 20210304203453.0
006 m d
007 cr n
008 090820s2014 gw ac sb 001 0 eng d
015 _aGBA997823
_2bnb
015 _a09,N36,0772
_2dnb
015 _a10,A06
_2dnb
016 7 _2Uk
020 _a9781842657867
028 5 2 _a12739813
035 _a(WaSeSS)ssj0000450044
040 _aUKM
_beng
_cUKM
_dBTCTA
_dC#P
_dYDXCP
_dBWX
_dCDX
_dDEBBG
_dOCL
_dTJC
_dOHX
_dIAK
_dSNK
_dIOG
_dDLC
_dWaSeSS
041 1 _aeng
_hger
042 _alccopycat
050 4 _aQD262
_b.B77813 2010
050 4 _aQD262
082 0 4 _a547.2
_222
_bDRS
084 _2sdnb
100 _aDhillon, Ranjit S
_917182
210 1 0 _aOrganic mechanisms
240 1 0 _aReaktionsmechanismen.
_lEnglish
245 1 0 _aOrganic mechanisms Energetics Kinetics and Equilibrium /
_breactions, stereochemistry and synthesis /
_cChapman, Brian
260 _aBerlin :
_bSpringer,
_cc2010.
500 _a"Translation of Brückner, R Reaktionsmechanismen, 3rd edition, published by Spektrum Akademischer Verlag, c2007"--T.p. verso.
504 _aIncludes bibliographical references and index.
505 0 _aRadical substitution reactions at the saturated C atom -- Nucleophilic substitution reactions at the saturated C atom -- Electrophilic additions to the C = C double bond -- [Beta]-eliminations -- Substitution reactions on aromatic compounds -- Nucleophilic substitution reactions at the carboxyl carbon -- Carboxylic compounds, nitriles, and their interconversion -- Carbonic acid derivatives and heterocumulenes and their interconversion -- Additions of heteroatom nucleophiles to carbonyl compounds and subsequent reactions - condensations of heteroatom nucleophiles with carbonyl compounds -- Addition of hydride donors and of organometallic compounds to carbonyl compounds -- Conversion of phosphorus- or sulfur-stabilized C nucleophiles with carbonyl compounds: addition-induced condensations -- The chemistry of enols and enamines -- Chemistry of the alkaline earth metal enolates --Rearrangements -- Thermal cycloadditions -- Transition metal-mediated alkenylations, arylations, and alkynylations -- Oxidations and reductions.
506 _aLicense restrictions may limit access.
520 1 _a"This English edition of a best-selling and award-winning German textbook Reaction Mechanisms: Organic Reactions, Stereochemistry, Modern Synthetic Methods is aimed at those who desire to learn organic chemistry through an approach that is facile to understand and easily committed to memory. Michael Harmata, Norman Rabjohn Distinguished Professor of Organic Chemistry (University of Missouri) surveyed the accuracy of the translation, made certain contributions, and above all adapted its rationalizations to those prevalent in the organic chemistry community in the English-speaking world." "Throughout the book fundamental and advanced reaction mechanisms are presented with meticulous precision. The systematic use of red "electron-pushing arrows" allows students to follow each transformation elementary step by elementary step. Mechanisms are not only presented in the traditional contexts of rate laws and substituent effects but, whenever possible, are illustrated using practical, useful and state-of-the-art reactions. The abundance of stereoselective reactions included in the treatise makes the reader familiar with key concepts of stereochemistry." "The fundamental topics of the book address the needs of upper-level undergraduate students, while its advanced sections are intended for graduate-level audiences. Accordingly, this book is an essential learning tool for students and a unique addition to the reference desk of practicing organic chemists, who as life-long learners desire to keep abreast of both fundamental and applied aspects of our science. In addition, it will well serve ambitious students in chemistry-related fields such as biochemistry, medicinal chemistry and pharmaceutical chemistry."--BOOK JACKET.
650 0 _aOrganic compounds
_xSynthesis.
_917183
650 0 7 _aOrganische Chemie.
_2swd
_917184
650 0 7 _aReaktionsmechanismus.
_2swd
_917185
655 7 _aLehrbuch.
_2swd
_96619
700 1 _aHarmata, Michael,
_d1959-
_917186
773 0 _tSpringerLink ebooks - Chemistry and Materials Science (2010)
856 4 0 _uhttp://www.columbia.edu/cgi-bin/cul/resolve?clio8559052
_zFull text available from SpringerLink ebooks - Chemistry and Materials Science (2010)
910 _aLibrary of Congress record
942 _2ddc
_cBOOK